[Event "Copa Latinoamericana de Ajedrez 2011"]
[Site "Montevideo URU"]
[Date "2011.11.02"]
[Round "3.104"]
[White "Solari, Pablo"]
[Black "Sanchez Britos, Ezequiel"]
[Result "1-0"]
[WhiteElo "1663"]
[BlackElo "1682"]
[PlyCount "87"]
[EventDate "2011.11.01"]
[EventType "swiss"]
[EventRounds "9"]
[EventCountry "URU"]
[Source "lmi"]
[SourceDate "2011.11.01"]

1. b4 e5 2. Bb2 Bxb4 3. Bxe5 Nf6 4. e3 O-O 5. Nf3 d6 6. Bc3 Bxc3 7. Nxc3 Bg4 8.
Be2 Bxf3 9. Bxf3 Nc6 10. O-O a6 11. d4 d5 12. Rb1 Rb8 13. Na4 b5 14. Nc5 Nd7
15. Bxd5 Ne7 16. Nxd7 Qxd7 17. Bf3 Qe6 18. Rb2 a5 19. Qd3 c6 20. Rfb1 Qc4 21.
Qxc4 bxc4 22. Rxb8 Nc8 23. Bxc6 g6 24. Bd7 Kg7 25. Rxc8 Rxc8 26. Bxc8 Kf6 27.
h4 Kg7 28. Rb7 h5 29. Be6 Kf6 30. Bxf7 Kg7 31. Bxc4+ Kf6 32. Bd3 Ke6 33. c4 Kf6
34. Rb6+ Kf7 35. Bxg6+ Kg7 36. Bxh5 Kh7 37. Rg6 a4 38. Kh2 Kh8 39. Kg3 a3 40.
Kf4 Kh7 41. Kf5 Kh8 42. Kf6 Kh7 43. Kf7 Kh8 44. Rh6# 1-0

[Event "Copa Latinoamericana de Ajedrez 2011"]
[Site "Montevideo URU"]
[Date "2011.11.02"]
[Round "3.105"]
[White "Britos, Alejandro"]
[Black "Sanchez Britos, Alexander"]
[Result "1-0"]
[WhiteElo "2052"]
[BlackElo "1682"]
[PlyCount "61"]
[EventDate "2011.11.01"]
[EventType "swiss"]
[EventRounds "9"]
[EventCountry "URU"]
[Source "lmi"]
[SourceDate "2011.11.01"]

1. e4 e5 2. f4 Nc6 3. Nf3 d6 4. Bc4 Be6 5. Bxe6 fxe6 6. O-O exf4 7. d4 e5 8. d5
Nb8 9. Bd2 Na6 10. Qe2 c5 11. c4 Nf6 12. Ng5 Qc7 13. Nc3 h6 14. Ne6 Qf7 15. Nb5
b6 16. Qd1 Nxe4 17. Qa4 Rc8 18. Nxd6+ Ke7 19. Nxf7 Kxf7 20. Qxa6 Re8 21. Bc3
Nxc3 22. bxc3 g5 23. Qxa7+ Re7 24. Qxb6 Rd7 25. a4 h5 26. a5 Bd6 27. Qc6 Ke7
28. a6 Bb8 29. a7 Bxa7 30. Rxa7 Rxa7 31. Qxc5+ 1-0

[Event "Copa Latinoamericana de Ajedrez 2011"]
[Site "Montevideo URU"]
[Date "2011.11.02"]
[Round "3.106"]
[White "Bengochea, Ricardo"]
[Black "De La Torre, Andres"]
[Result "0-1"]
[WhiteElo "1504"]
[BlackElo "2046"]
[PlyCount "96"]
[EventDate "2011.11.01"]
[EventType "swiss"]
[EventRounds "9"]
[EventCountry "URU"]
[Source "lmi"]
[SourceDate "2011.11.01"]

1. e4 d6 2. Nf3 Nf6 3. Nc3 g6 4. d4 Bg7 5. Bd3 O-O 6. O-O c6 7. e5 dxe5 8. dxe5
Nd5 9. Nxd5 Qxd5 10. Re1 Bg4 11. Be4 Qxd1 12. Rxd1 Bxe5 13. h3 Bxf3 14. Bxf3
Bd6 15. Bh6 Re8 16. Rac1 Nd7 17. c4 Nf6 18. c5 Bc7 19. g3 Rad8 20. b4 Rxd1+ 21.
Rxd1 Rd8 22. Rxd8+ Bxd8 23. Bf4 e6 24. g4 Nd5 25. Bxd5 exd5 26. Kf1 Bf6 27. Bd2
Kf8 28. Ke2 Ke7 29. Kd3 Ke6 30. Bf4 Be5 31. Be3 f5 32. f4 Bc7 33. g5 a5 34. a3
axb4 35. axb4 Bd8 36. h4 Be7 37. Bd2 Bf8 38. Bc3 Kf7 39. Be5 Bg7 40. Kd4 Bxe5+
41. Kxe5 Ke7 42. Kd4 Kd7 43. Ke5 Kc7 44. Kd4 b6 45. Ke5 bxc5 46. bxc5 Kb7 47.
Kd4 Ka6 48. Kc3 Kb5 0-1

[Event "Copa Latinoamericana de Ajedrez 2011"]
[Site "Montevideo URU"]
[Date "2011.11.02"]
[Round "3.108"]
[White "Baes, Diego"]
[Black "Campiglia, Guido"]
[Result "0-1"]
[WhiteElo "1377"]
[BlackElo "2011"]
[PlyCount "54"]
[EventDate "2011.11.01"]
[EventType "swiss"]
[EventRounds "9"]
[EventCountry "URU"]
[Source "lmi"]
[SourceDate "2011.11.01"]

1. e4 c5 2. Nf3 d6 3. d4 cxd4 4. Nxd4 Nf6 5. Nc3 a6 6. Be3 e6 7. Be2 Be7 8. h3
b5 9. a3 Bb7 10. Bd3 Nbd7 11. Qd2 Rc8 12. g4 Nc5 13. f3 Nfd7 14. O-O-O Nb6 15.
Kb1 O-O 16. h4 Nca4 17. Nce2 d5 18. Bg5 dxe4 19. fxe4 Nc4 20. Bxc4 bxc4 21. Qe3
Qb6 22. Qc1 Bxa3 23. Ka2 Bxb2 24. Qe3 Qb4 25. c3 Nxc3+ 26. Nxc3 Qa3+ 27. Kb1
Bxc3 0-1

[Event "Copa Latinoamericana de Ajedrez 2011"]
[Site "Montevideo URU"]
[Date "2011.11.02"]
[Round "3.111"]
[White "Urrestarazu, Diego"]
[Black "Izquierdo, Martin"]
[Result "1-0"]
[WhiteElo "1955"]
[BlackElo "1438"]
[PlyCount "51"]
[EventDate "2011.11.01"]
[EventType "swiss"]
[EventRounds "9"]
[EventCountry "URU"]
[Source "lmi"]
[SourceDate "2011.11.01"]

1. c4 c5 2. Nc3 d6 3. g3 Nf6 4. Bg2 g6 5. e3 Bg7 6. Nge2 O-O 7. O-O Nc6 8. d4
cxd4 9. exd4 Bd7 10. h3 Rc8 11. Be3 b6 12. Rc1 Na5 13. b3 Bc6 14. d5 Bd7 15.
Qd2 Re8 16. Nd4 Nb7 17. Ncb5 Ra8 18. Nc6 Bxc6 19. dxc6 Nc5 20. Bxc5 dxc5 21.
Qxd8 Raxd8 22. c7 Rc8 23. Bb7 a6 24. Bxc8 Rxc8 25. Rfd1 Bf8 26. Rd8 1-0

[Event "Copa Latinoamericana de Ajedrez 2011"]
[Site "Montevideo URU"]
[Date "2011.11.03"]
[Round "4.1"]
[White "Tristan, Leonardo"]
[Black "Bruzon Batista, Lazaro"]
[Result "0-1"]
[WhiteElo "2463"]
[BlackElo "2689"]
[PlyCount "50"]
[EventDate "2011.11.01"]
[EventType "swiss"]
[EventRounds "9"]
[EventCountry "URU"]
[Source "lmi"]
[SourceDate "2011.11.01"]

1. d4 Nf6 2. c4 e6 3. Nc3 Bb4 4. Qc2 c5 5. dxc5 Qc7 6. Nf3 a6 7. g3 Bxc5 8. Bf4
d6 9. Bg2 h6 10. O-O e5 11. Bd2 Be6 12. Nh4 Nc6 13. Nd5 Nxd5 14. cxd5 Nd4 15.
Qe4 f5 16. Qb1 Nxe2+ 17. Kh1 Bc8 18. Bf3 Nd4 19. Bh5+ Kd8 20. b4 Bb6 21. Rc1
Qe7 22. f4 g5 23. fxg5 hxg5 24. Ng6 Qf7 25. Bxg5+ Ke8 0-1

[Event "Copa Latinoamericana de Ajedrez 2011"]
[Site "Montevideo URU"]
[Date "2011.11.03"]
[Round "4.2"]
[White "Cori Tello, Deysi"]
[Black "Flores, Diego"]
[Result "0-1"]
[WhiteElo "2414"]
[BlackElo "2599"]
[PlyCount "68"]
[EventDate "2011.11.01"]
[EventType "swiss"]
[EventRounds "9"]
[EventCountry "URU"]
[Source "lmi"]
[SourceDate "2011.11.01"]

1. d4 Nf6 2. Nf3 e6 3. e3 b6 4. Bd3 Bb7 5. O-O Be7 6. c4 O-O 7. Nc3 d5 8. Qe2
c5 9. Rd1 Nbd7 10. e4 cxd4 11. Nxd4 dxc4 12. Bxc4 Qc7 13. Bb3 Rad8 14. Bg5 Bd6
15. Nf3 Ne5 16. Nd4 Neg4 17. Nxe6 Bxh2+ 18. Kh1 Rxd1+ 19. Rxd1 Nxf2+ 20. Qxf2
fxe6 21. Bxe6+ Kh8 22. Bxf6 Rxf6 23. Qd4 Rf8 24. Bf5 Be5 25. Qd7 Qb8 26. Qe7
Bf6 27. Qd6 Qxd6 28. Rxd6 g6 29. Be6 Be5 30. Rd1 Bc6 31. Bd5 Bd7 32. Bc4 Bg4
33. Rf1 Rxf1+ 34. Bxf1 Kg7 0-1

[Event "Copa Latinoamericana de Ajedrez 2011"]
[Site "Montevideo URU"]
[Date "2011.11.03"]
[Round "4.3"]
[White "Valdes Escobar, Alvaro"]
[Black "Felgaer, Ruben"]
[Result "0-1"]
[WhiteElo "2385"]
[BlackElo "2573"]
[PlyCount "72"]
[EventDate "2011.11.01"]
[EventType "swiss"]
[EventRounds "9"]
[EventCountry "URU"]
[Source "lmi"]
[SourceDate "2011.11.01"]

1. c4 e5 2. Nc3 Nf6 3. Nf3 Nc6 4. e3 Bb4 5. Qc2 Bxc3 6. Qxc3 Qe7 7. d3 d5 8.
cxd5 Nxd5 9. Qc2 Ndb4 10. Qc3 Nd4 11. Kd1 Nxf3 12. gxf3 Bf5 13. e4 Bg6 14. Be3
Nc6 15. Rc1 O-O-O 16. Kc2 Kb8 17. Kb1 f5 18. h4 f4 19. Bc5 Qd7 20. Be2 Be8 21.
Rhd1 b6 22. d4 bxc5 23. Ba6 Ka8 24. dxc5 Qxd1 25. Rxd1 Rxd1+ 26. Kc2 Rd8 27. b4
Nd4+ 28. Kb2 Bb5 29. Bxb5 Nxb5 30. Qxe5 Rd2+ 31. Kc1 Rhd8 32. Qxf4 Re2 33. Qg5
Rd4 34. Qe5 Rc4+ 35. Kd1 Nc3+ 36. Kc1 Nxe4+ 0-1

[Event "Copa Latinoamericana de Ajedrez 2011"]
[Site "Montevideo URU"]
[Date "2011.11.03"]
[Round "4.4"]
[White "Fier, Alexandr"]
[Black "Rodriguez Vila, Andres"]
[Result "1-0"]
[WhiteElo "2573"]
[BlackElo "2505"]
[PlyCount "61"]
[EventDate "2011.11.01"]
[EventType "swiss"]
[EventRounds "9"]
[EventCountry "URU"]
[Source "lmi"]
[SourceDate "2011.11.01"]

1. d4 Nf6 2. c4 e6 3. Nf3 c5 4. d5 b5 5. Bg5 exd5 6. cxd5 d6 7. e3 a6 8. a4
Qa5+ 9. Nc3 b4 10. Bxf6 gxf6 11. Ne4 f5 12. Nf6+ Ke7 13. Nh5 Nd7 14. Bd3 b3+
15. Ke2 Qb4 16. Rc1 Ne5 17. Nxe5 dxe5 18. d6+ Kd8 19. Rc4 Qb6 20. d7 Bb7 21.
Bxf5 Bxg2 22. Rg1 Qc6 23. e4 Qh6 24. Ng3 Bh3 25. Qd5 Ra7 26. Qxe5 Rxd7 27. Bxd7
Bxd7 28. Qxh8 Bg4+ 29. Ke1 Qd6 30. Ne2 Be6 31. Rc1 1-0

[Event "Copa Latinoamericana de Ajedrez 2011"]
[Site "Montevideo URU"]
[Date "2011.11.03"]
[Round "4.7"]
[White "Alonso, Salvador"]
[Black "Slipak, Sergio"]
[Result "1/2-1/2"]
[WhiteElo "2483"]
[BlackElo "2440"]
[PlyCount "22"]
[EventDate "2011.11.01"]
[EventType "swiss"]
[EventRounds "9"]
[EventCountry "URU"]
[Source "lmi"]
[SourceDate "2011.11.01"]

1. e4 e5 2. Nf3 Nc6 3. Bb5 Nf6 4. Qe2 Bd6 5. c3 O-O 6. d3 Re8 7. Nbd2 a6 8. Ba4
b5 9. Bc2 Bf8 10. Nf1 h6 11. Ng3 d5 1/2-1/2

[Event "Copa Latinoamericana de Ajedrez 2011"]
[Site "Montevideo URU"]
[Date "2011.11.03"]
[Round "4.8"]
[White "Cori Tello, Jorge"]
[Black "Mahia, Gustavo"]
[Result "0-1"]
[WhiteElo "2482"]
[BlackElo "2386"]
[PlyCount "110"]
[EventDate "2011.11.01"]
[EventType "swiss"]
[EventRounds "9"]
[EventCountry "URU"]
[Source "lmi"]
[SourceDate "2011.11.01"]

1. d4 Nf6 2. c4 g6 3. g3 Bg7 4. Bg2 O-O 5. Nc3 d6 6. e3 e5 7. Nge2 c6 8. O-O
Re8 9. b4 e4 10. b5 Nbd7 11. Qc2 Qe7 12. Ba3 c5 13. Rad1 Nb6 14. dxc5 dxc5 15.
Nd5 Nbxd5 16. cxd5 Bg4 17. h3 Bf3 18. Bxc5 Rac8 19. Bxe7 Rxc2 20. Bxf3 Rxe7 21.
Nd4 Rxa2 22. Be2 Rd7 23. Bc4 Ra4 24. Rc1 Nxd5 25. Bb3 Rb4 26. Rc8+ Bf8 27. Rfc1
Nb6 28. R8c7 Bd6 29. Rxd7 Nxd7 30. Rc8+ Kg7 31. Rd8 Nc5 32. Bd5 Be5 33. Rc8
Bxd4 34. Rc7 Be5 35. Rxc5 Bd6 36. Rc8 Rxb5 37. Bxe4 Kf6 38. Ra8 a5 39. Ra7 b6
40. Bc6 Rc5 41. Be8 Rc7 42. Ra6 Bc5 43. Bb5 Ke5 44. Kf1 f5 45. h4 Kd5 46. Ke2
Rb7 47. Ra8 Bd6 48. Rc8 Rc7 49. Rxc7 Bxc7 50. Kd3 Kc5 51. Bc4 b5 52. Bg8 a4 53.
Bxh7 b4 54. Bxg6 b3 55. Bf7 Kb4 0-1

[Event "Copa Latinoamericana de Ajedrez 2011"]
[Site "Montevideo URU"]
[Date "2011.11.03"]
[Round "4.9"]
[White "Mareco, Sandro"]
[Black "Cristobal, Manuel"]
[Result "1-0"]
[WhiteElo "2583"]
[BlackElo "2208"]
[PlyCount "141"]
[EventDate "2011.11.01"]
[EventType "swiss"]
[EventRounds "9"]
[EventCountry "URU"]
[Source "lmi"]
[SourceDate "2011.11.01"]

1. d4 Nf6 2. c4 e6 3. Nc3 Bb4 4. Qc2 Bxc3+ 5. Qxc3 b6 6. Bg5 h6 7. Bh4 g5 8.
Bg3 Ne4 9. Qc2 Bb7 10. f3 Nxg3 11. hxg3 d6 12. e3 Nd7 13. Ne2 Qe7 14. O-O-O
O-O-O 15. g4 f5 16. gxf5 exf5 17. Qd2 Rde8 18. Ng3 Qxe3 19. Qxe3 Rxe3 20. Nxf5
Re6 21. Bd3 h5 22. Ng7 Reh6 23. Bf5 d5 24. c5 bxc5 25. dxc5 Bc6 26. Ne6 Kb7 27.
Nxg5 Rg8 28. Ne6 Rxg2 29. Rh4 a5 30. Nd8+ Ka6 31. Nxc6 Rxc6 32. Bxd7 Rxc5+ 33.
Kb1 Rcc2 34. Ra4 Rxb2+ 35. Ka1 Rgd2 36. Rc1 Rdc2 37. Rxc2 Rxc2 38. Rd4 Rf2 39.
Rxd5 Rxf3 40. Rxh5 Rf2 41. Ba4 Kb6 42. Rb5+ Ka6 43. Rc5 Kb6 44. Rc6+ Kb7 45.
Rc2 Rf4 46. Bb3 Kb6 47. Kb2 Rh4 48. Bd5 Rb4+ 49. Ka3 Rd4 50. Rb2+ Kc5 51. Bg2
Rg4 52. Bf1 c6 53. Be2 Rh4 54. Bf3 Rc4 55. Rb3 Rc2 56. Be4 Rc4 57. Bg2 Rc2 58.
Bf3 Rc4 59. Kb2 Kd4 60. Rb6 Rc5 61. Bxc6 Kc4 62. Ba4 Rh5 63. Be8 Re5 64. Rc6+
Kd5 65. Rc8 Re3 66. Ba4 Kd4 67. Bb3 Re7 68. Rc4+ Kd3 69. Rc5 Ra7 70. Ka3 Kd4
71. Rd5+ 1-0

[Event "Copa Latinoamericana de Ajedrez 2011"]
[Site "Montevideo URU"]
[Date "2011.11.03"]
[Round "4.10"]
[White "Egoroff, Jomar"]
[Black "Iturrizaga, Eduardo"]
[Result "0-1"]
[WhiteElo "2311"]
[BlackElo "2656"]
[PlyCount "74"]
[EventDate "2011.11.01"]
[EventType "swiss"]
[EventRounds "9"]
[EventCountry "URU"]
[Source "lmi"]
[SourceDate "2011.11.01"]

1. e4 c5 2. Nf3 g6 3. d4 cxd4 4. Nxd4 Nc6 5. c4 Nf6 6. Nc3 d6 7. Be2 Bg7 8. Be3
O-O 9. O-O Bd7 10. Nc2 Be6 11. f3 Nd7 12. Qd2 Qa5 13. Nd4 Nxd4 14. Bxd4 Rfc8
15. b3 a6 16. Rfc1 Bxd4+ 17. Qxd4 Rc7 18. Rc2 Rac8 19. Rac1 Ne5 20. Nd5 Bxd5
21. exd5 b5 22. Kf2 bxc4 23. bxc4 Rc5 24. h4 h5 25. f4 Nd7 26. g4 Nf6 27. gxh5
gxh5 28. Rg1+ Kf8 29. Bxh5 Rxd5 30. Rg5 Rxd4 31. Rxa5 Rxf4+ 32. Kg3 e5 33. Bf3
Ke7 34. Bd5 Nxd5 35. Rxd5 Rcxc4 36. Rcd2 Rg4+ 37. Kf3 Rcf4+ 0-1

[Event "Copa Latinoamericana de Ajedrez 2011"]
[Site "Montevideo URU"]
[Date "2011.11.03"]
[Round "4.11"]
[White "Rodriguez, Santiago"]
[Black "Perez Ponsa, Federico"]
[Result "0-1"]
[WhiteElo "2269"]
[BlackElo "2484"]
[PlyCount "88"]
[EventDate "2011.11.01"]
[EventType "swiss"]
[EventRounds "9"]
[EventCountry "URU"]
[Source "lmi"]
[SourceDate "2011.11.01"]

1. e4 c5 2. c3 Nf6 3. e5 Nd5 4. d4 cxd4 5. Nf3 Nc6 6. cxd4 d6 7. Bc4 Nb6 8. Bb3
d5 9. Nh4 e6 10. Nf3 Be7 11. O-O Bd7 12. Nc3 O-O 13. Qd3 Nb4 14. Qe2 a5 15. a3
a4 16. Bd1 Nc6 17. Bc2 f6 18. exf6 Bxf6 19. Qd3 g6 20. Bh6 Rf7 21. Rae1 Nc4 22.
Bc1 b5 23. Nxb5 Qb6 24. Nc3 Nxd4 25. Nxd4 Bxd4 26. Re2 Raf8 27. Nxa4 Bxa4 28.
Bxa4 Bxf2+ 29. Kh1 Bd4 30. Rxf7 Rxf7 31. Re1 Bxb2 32. Bh6 Bxa3 33. Be8 Rf5 34.
Bd7 Re5 35. Rf1 Qd6 36. Bc8 Rf5 37. Re1 Rf6 38. Bg5 Ne5 39. Qh3 Rf5 40. Bh6 Nf7
41. g4 Qb4 42. gxf5 Qxe1+ 43. Kg2 Qe2+ 44. Kh1 Qe4+ 0-1

[Event "Copa Latinoamericana de Ajedrez 2011"]
[Site "Montevideo URU"]
[Date "2011.11.03"]
[Round "4.12"]
[White "Paveto, Kevin"]
[Black "Claverie, Raul"]
[Result "1-0"]
[WhiteElo "2258"]
[BlackElo "2504"]
[PlyCount "83"]
[EventDate "2011.11.01"]
[EventType "swiss"]
[EventRounds "9"]
[EventCountry "URU"]
[Source "lmi"]
[SourceDate "2011.11.01"]

1. e4 b6 2. Nc3 Bb7 3. g3 e6 4. Bg2 Nf6 5. Nge2 d5 6. e5 Nfd7 7. d4 c5 8. O-O
Nc6 9. f4 Nxd4 10. Nxd4 cxd4 11. Nb5 Ba6 12. a4 g6 13. Kh1 Bc5 14. Qd2 O-O 15.
b4 Be7 16. Qxd4 Rc8 17. c3 Rc4 18. Qd3 Bxb5 19. axb5 Qc7 20. Bd2 Qb8 21. Rfe1
Rfc8 22. Ra3 Nf8 23. Be3 Qc7 24. Bd4 Qd7 25. Bf1 Bd8 26. Qd2 R4c7 27. Rea1 Rb7
28. g4 Qe7 29. Qg2 Rcc7 30. Bd3 Nd7 31. Re1 Qh4 32. Re3 Qh6 33. f5 Nxe5 34. g5
Bxg5 35. Rh3 Nxd3 36. Rxh6 Bxh6 37. Qh3 Bc1 38. fxg6 f5 39. Ra1 Rxc3 40. gxh7+
Rxh7 41. Qg3+ Kf8 42. Qb8+ 1-0

[Event "Copa Latinoamericana de Ajedrez 2011"]
[Site "Montevideo URU"]
[Date "2011.11.03"]
[Round "4.13"]
[White "Real De Azua, Ernesto"]
[Black "Carvalho, Guillermo"]
[Result "1/2-1/2"]
[WhiteElo "2459"]
[BlackElo "2244"]
[PlyCount "69"]
[EventDate "2011.11.01"]
[EventType "swiss"]
[EventRounds "9"]
[EventCountry "URU"]
[Source "lmi"]
[SourceDate "2011.11.01"]

1. Nf3 d5 2. c4 e6 3. g3 Nf6 4. Bg2 Be7 5. O-O O-O 6. b3 c5 7. e3 Nc6 8. Qe2
Qc7 9. Bb2 dxc4 10. bxc4 b6 11. d3 Bb7 12. Rd1 Rac8 13. Nc3 Rfd8 14. Rac1 Qb8
15. h3 Qa8 16. Ne1 Na5 17. f4 Bxg2 18. Nxg2 Qb7 19. Rb1 Rd7 20. g4 Rcd8 21. Ne1
Nc6 22. Nf3 Qb8 23. a3 h6 24. Ba1 e5 25. g5 hxg5 26. fxg5 e4 27. gxf6 Qg3+ 28.
Qg2 Qxg2+ 29. Kxg2 exf3+ 30. Kxf3 Bxf6 31. Nd5 Bxa1 32. Rxa1 Rd6 33. Rab1 Rh6
34. Rh1 Kf8 35. Ke2 1/2-1/2

[Event "Copa Latinoamericana de Ajedrez 2011"]
[Site "Montevideo URU"]
[Date "2011.11.03"]
[Round "4.14"]
[White "Bassan, Remo"]
[Black "Fusco, Leonardo"]
[Result "0-1"]
[WhiteElo "2255"]
[BlackElo "2383"]
[PlyCount "86"]
[EventDate "2011.11.01"]
[EventType "swiss"]
[EventRounds "9"]
[EventCountry "URU"]
[Source "lmi"]
[SourceDate "2011.11.01"]

1. e4 c5 2. Nf3 Nc6 3. d4 cxd4 4. Nxd4 e5 5. Nb5 d6 6. c4 Be7 7. N1c3 a6 8. Na3
f5 9. g3 Nf6 10. Bg2 O-O 11. O-O Kh8 12. exf5 Bxf5 13. Nd5 Nxd5 14. cxd5 Nd4
15. Be3 Rc8 16. Bxd4 exd4 17. Qxd4 Bf6 18. Qb4 Qc7 19. Nb1 Bd3 20. Nd2 Bxf1 21.
Rxf1 b5 22. Ne4 Be7 23. Bh3 Qc4 24. Qd2 Rc7 25. Re1 Qxa2 26. Be6 Qb3 27. Qa5
Rc4 28. Nd2 Qxb2 29. Nxc4 Qxf2+ 30. Kh1 Qf3+ 31. Kg1 bxc4 32. Bh3 Bd8 33. Qb4
a5 34. Qb1 Qxd5 35. Bg2 Qc5+ 36. Kh1 Bf6 37. Rf1 Re8 38. Be4 a4 39. Qb7 Qe5 40.
Bc6 Rd8 41. Bd5 c3 42. g4 c2 43. Be4 Qf4 0-1

[Event "Copa Latinoamericana de Ajedrez 2011"]
[Site "Montevideo URU"]
[Date "2011.11.03"]
[Round "4.15"]
[White "De Dovitiis, Alejo"]
[Black "Perez, Maximiliano"]
[Result "1/2-1/2"]
[WhiteElo "2366"]
[BlackElo "2193"]
[PlyCount "106"]
[EventDate "2011.11.01"]
[EventType "swiss"]
[EventRounds "9"]
[EventCountry "URU"]
[Source "lmi"]
[SourceDate "2011.11.01"]

1. e4 c5 2. Nf3 d6 3. d4 cxd4 4. Nxd4 Nf6 5. Nc3 a6 6. Be2 e5 7. Nb3 Be7 8. O-O
O-O 9. Be3 b6 10. Qd2 Bb7 11. f3 Nbd7 12. a4 Rc8 13. Rfd1 Qc7 14. Rac1 Rfd8 15.
Qe1 Qb8 16. Qf1 Qa8 17. Bc4 Nc5 18. Nxc5 dxc5 19. Nb1 h6 20. Na3 Ne8 21. Bb3
Qb8 22. Qc4 Nd6 23. Rxd6 Qxd6 24. Qxf7+ Kh8 25. Nc4 Qf6 26. Qh5 g5 27. Nxe5 Kg7
28. f4 Bxe4 29. fxg5 hxg5 30. Rf1 Bf5 31. Nf7 Qg6 32. Qe2 Rf8 33. Ne5 Qf6 34.
Nd7 Bg4 35. Rxf6 Bxe2 36. Rxf8 Bxf8 37. Nxb6 Re8 38. Kf2 Bh5 39. a5 Bd6 40. Bc4
Bxh2 41. Bxc5 Rd8 42. Be3 Rd1 43. Bxg5 Bg1+ 44. Kg3 Kg6 45. Bf4 Ra1 46. Bxa6
Rxa5 47. Bd3+ Kf7 48. Nc4 Ra2 49. Kh4 Bd1 50. Be3 Bxc2 51. Bxc2 Bxe3 52. Bb3
Bf2+ 53. Kg5 Ra1 1/2-1/2

[Event "Copa Latinoamericana de Ajedrez 2011"]
[Site "Montevideo URU"]
[Date "2011.11.03"]
[Round "4.16"]
[White "Arcos Facio, Mateo"]
[Black "Lujan, Carolina"]
[Result "1/2-1/2"]
[WhiteElo "2148"]
[BlackElo "2361"]
[PlyCount "69"]
[EventDate "2011.11.01"]
[EventType "swiss"]
[EventRounds "9"]
[EventCountry "URU"]
[Source "lmi"]
[SourceDate "2011.11.01"]

1. e4 c5 2. Nf3 e6 3. d4 cxd4 4. Nxd4 a6 5. Bd3 Nf6 6. O-O e5 7. Ne2 h6 8. c4
Bc5 9. Nbc3 d6 10. Rb1 Nc6 11. a3 Ne7 12. b4 Ba7 13. Ng3 O-O 14. Kh1 Ng4 15.
Rb2 Nc6 16. h3 Bd4 17. Rc2 Qh4 18. b5 Nxf2+ 19. Rfxf2 Bxf2 20. Rxf2 Qxg3 21.
Rf3 Qh4 22. bxc6 Bg4 23. c7 Bxf3 24. gxf3 Qxh3+ 25. Kg1 Rae8 26. Nd5 h5 27. Qf1
Qd7 28. Kh2 Re6 29. Qg2 Qa4 30. Bg5 Kh7 31. Bd8 Qc6 32. Ne7 Rxe7 33. Bxe7 Rc8
34. Bd8 Rxc7 35. Bxc7 1/2-1/2

[Event "Copa Latinoamericana de Ajedrez 2011"]
[Site "Montevideo URU"]
[Date "2011.11.03"]
[Round "4.17"]
[White "Valenzuela Gomez, Fernando"]
[Black "Lemos, Damian"]
[Result "0-1"]
[WhiteElo "2151"]
[BlackElo "2543"]
[PlyCount "50"]
[EventDate "2011.11.01"]
[EventType "swiss"]
[EventRounds "9"]
[EventCountry "URU"]
[Source "lmi"]
[SourceDate "2011.11.01"]

1. Nf3 Nf6 2. c4 g6 3. b4 c6 4. Bb2 Bg7 5. e3 O-O 6. d4 d5 7. Nc3 Bg4 8. h3
Bxf3 9. Qxf3 e5 10. dxe5 Nfd7 11. Qd1 a5 12. b5 a4 13. Rc1 dxc4 14. Bxc4 Qh4
15. Qg4 Qe7 16. e6 Ne5 17. exf7+ Kh8 18. Qe2 Qb4 19. Be6 Qxb2 20. Qxb2 Nd3+ 21.
Ke2 Nxb2 22. a3 cxb5 23. Nxb5 Nc6 24. e4 Ra5 25. Nc7 Nd4+ 0-1

[Event "Copa Latinoamericana de Ajedrez 2011"]
[Site "Montevideo URU"]
[Date "2011.11.03"]
[Round "4.18"]
[White "Cubas, Jose"]
[Black "Mafra Kaiser, Luiz"]
[Result "1-0"]
[WhiteElo "2536"]
[BlackElo "2150"]
[PlyCount "61"]
[EventDate "2011.11.01"]
[EventType "swiss"]
[EventRounds "9"]
[EventCountry "URU"]
[Source "lmi"]
[SourceDate "2011.11.01"]

1. e4 c5 2. Nf3 d6 3. d4 cxd4 4. Nxd4 Nf6 5. Nc3 g6 6. f4 Nc6 7. Nf3 Bg7 8. Bd3
O-O 9. O-O b6 10. Qe1 Nb4 11. Qh4 Nxd3 12. cxd3 Ba6 13. f5 h5 14. Bg5 Rc8 15.
Rad1 Re8 16. Rfe1 Bb7 17. fxg6 fxg6 18. d4 Qd7 19. h3 Rc4 20. Bxf6 exf6 21. Qg3
Kh7 22. Nh4 Qf7 23. Qxd6 Bf8 24. Qg3 Bb4 25. d5 Bxc3 26. bxc3 Rcxe4 27. Rxe4
Rxe4 28. d6 g5 29. d7 gxh4 30. Qd3 Qg6 31. d8=Q 1-0

[Event "Copa Latinoamericana de Ajedrez 2011"]
[Site "Montevideo URU"]
[Date "2011.11.03"]
[Round "4.19"]
[White "Zambrana, Oswaldo"]
[Black "Restuccia, Francisco"]
[Result "1-0"]
[WhiteElo "2502"]
[BlackElo "2136"]
[PlyCount "53"]
[EventDate "2011.11.01"]
[EventType "swiss"]
[EventRounds "9"]
[EventCountry "URU"]
[Source "lmi"]
[SourceDate "2011.11.01"]

1. e4 c5 2. Nf3 d6 3. d4 cxd4 4. Nxd4 Nf6 5. Nc3 a6 6. Bg5 e6 7. f4 Qc7 8. Bxf6
gxf6 9. Qd2 b5 10. Bd3 h5 11. O-O-O Nd7 12. Rhe1 Qc5 13. Nb3 Qb6 14. Kb1 Bb7
15. Qe2 O-O-O 16. a4 bxa4 17. Nxa4 Qb4 18. Nc3 Qb6 19. Bc4 Kb8 20. Rd4 f5 21.
Na4 Qc6 22. Na5 Qxa4 23. Nxb7 Bg7 24. Nxd8 Bxd4 25. Bb3 Qb5 26. Qxb5+ axb5 27.
Nc6+ 1-0

[Event "Copa Latinoamericana de Ajedrez 2011"]
[Site "Montevideo URU"]
[Date "2011.11.03"]
[Round "4.20"]
[White "Sanguinetti, Luis"]
[Black "Rodi, Luis Ernesto"]
[Result "0-1"]
[WhiteElo "2138"]
[BlackElo "2406"]
[PlyCount "86"]
[EventDate "2011.11.01"]
[EventType "swiss"]
[EventRounds "9"]
[EventCountry "URU"]
[Source "lmi"]
[SourceDate "2011.11.01"]

1. d4 Nf6 2. Nf3 e6 3. c4 c5 4. d5 exd5 5. cxd5 d6 6. Nc3 g6 7. h3 Bg7 8. e4 a6
9. a4 Nbd7 10. Bd3 Nh5 11. O-O Ne5 12. Be2 Nxf3+ 13. Bxf3 Qh4 14. Bg4 Bxg4 15.
Qxg4 Qxg4 16. hxg4 Nf6 17. Bf4 O-O-O 18. f3 Rhe8 19. a5 Kc7 20. Na4 Nd7 21.
Rac1 Bd4+ 22. Kh2 Be5 23. Bxe5 Nxe5 24. Rc3 Kb8 25. Nb6 h5 26. g5 Nd7 27. Kg3
Ka7 28. Rb3 Ne5 29. Rc1 Rb8 30. Kh4 Re7 31. Rbc3 Rd8 32. Kg3 Nd7 33. Nc4 Ne5
34. Nb6 Ree8 35. Kf4 Rf8 36. Kg3 f6 37. gxf6 Rxf6 38. Kh4 g5+ 39. Kxg5 Rg6+ 40.
Kh4 Rxg2 41. b4 Ng6+ 42. Kh3 Nf4+ 43. Kh4 Rdg8 0-1

[Event "Copa Latinoamericana de Ajedrez 2011"]
[Site "Montevideo URU"]
[Date "2011.11.03"]
[Round "4.21"]
[White "Krysa, Leandro"]
[Black "Pesuto, Ivan"]
[Result "1-0"]
[WhiteElo "2396"]
[BlackElo "2129"]
[PlyCount "109"]
[EventDate "2011.11.01"]
[EventType "swiss"]
[EventRounds "9"]
[EventCountry "URU"]
[Source "lmi"]
[SourceDate "2011.11.01"]

1. d4 g6 2. c4 Bg7 3. e4 d6 4. Nc3 Nc6 5. d5 Nd4 6. Nge2 c5 7. Nxd4 cxd4 8. Nb5
Qb6 9. c5 dxc5 10. Bf4 Kf8 11. Rc1 a6 12. Bc7 Qf6 13. Na3 d3 14. Rxc5 Qxb2 15.
Qb3 d2+ 16. Kd1 Qd4 17. Bb6 Qxe4 18. Nc2 Nf6 19. f3 Qe5 20. Bc7 Qf5 21. Ne3 Qd7
22. Bf4 Nh5 23. Rc7 Qe8 24. Bg5 Bf6 25. Bxf6 Nxf6 26. Bc4 b5 27. Bd3 Kg7 28.
Kxd2 Bd7 29. Rhc1 Rc8 30. Qb2 Rxc7 31. Rxc7 Qd8 32. Qe5 Re8 33. g4 Kg8 34. h4
Bc8 35. g5 Nd7 36. Qc3 Nf8 37. Qc5 Bh3 38. f4 Qd6 39. Qxd6 exd6 40. Rc6 Ra8 41.
Rxd6 Nd7 42. Bf1 Bxf1 43. Rxd7 Bh3 44. Rc7 Kf8 45. Kd3 b4 46. d6 Rd8 47. Rc6 a5
48. Rb6 Be6 49. Nc4 Rc8 50. Nxa5 Bxa2 51. Rxb4 Be6 52. Nc4 Bxc4+ 53. Rxc4 Ra8
54. Ke4 Ra5 55. Rc8+ 1-0